01533 a2200169 45000010003000000050017000030080041000200030015000610400040000760800032001162450079001482640096002273000018003235050866003411000023012078560133012308220260407155407.0260407a2007 arg spa dAR-UNSa-BCEJYS aAR-UNSa-BCEJYSbspacAR-UNSa-BCEJYS a330(82)xEconomia Argentina10aCrisis, recuperación y nuevos dilemaspLa economía argentina 2002-2007 1aSantiago de Chile :bCEPAL (Comisión Económica para América Latina y el Caribe)c2007 a426 p.c28 cm a1. Crisis, recuperación y nuevos dilemas. La economía argentina 2002-2007 - 2. Macroeconomía en recuperación: la Argentina post-crisis - 3. El crecimiento reciente de la industria. Nuevo régimen sin cambio estructural - 4. Evolución reciente de la balanza comercial argentina. El desplazamiento de la restricción externa - 5. Inversión extranjera directa en la Argentina. Crisis, reestructuración y nuevas tendencias después de la convertibilidad - 6. El desarrollo agropecuario en las últimas décadas: ¿Volver a creer? - 7. La innovación en la Argentina post-devaluación. Antecedentes previos y tendencias a futuro - 8. Crecimiento económico y desigualdades territoriales en Argentina -9. El mercado de trabajo luego de la crisis. Avances y desafíos - 10. Políticas sociales en Argentina: viejos problemas, nuevos desafíos 1 aKosacoff, Bernardo41uhttps://biblioeco.unsa.edu.ar/pmb/images/libros/Crisis, recuperacion y nuevos dilemas-l117367.jpgyImagen de portadaqimage/jpeg